000 00663nam a2200205 i 4500
001 144619
003 ES-MaACL
005 20250524180314.0
007 t|
008 070214s1915 sp r ||||1| spa d
100 1 _aSimmel, Georg.
_9106480
245 1 0 _aSchopenhauer y Nietzsche /
_cGeorg Simmel ; versión de José R. Pérez-Bances.
260 _aMadrid :
_b[s.n.],
_c1915 (
_fTip. Artística)
300 _a265 p. ;
_c22 cm.
600 1 4 _aNietzsche, Friedrich,
_d1844-1900
_985718
600 1 4 _aSchopenhauer, Arthur,
_d1788-1860
_9240710
700 1 _aPérez Bances, José Ramón.
_990655
852 _aES-MaACL
_jA-4609
999 _c144619
_d144619